NCAA Division I Baseball Programs - Statistics

General Stats
  • This quiz has been taken 70 times
    65 since last reset
  • The average score is 126 of 304
Answer Stats
Conference School % Correct
SEC Florida
85%
ACC North Carolina
83%
ACC Florida State
80%
SEC Georgia
80%
Big 12 Texas
80%
ACC | Mid-American Miami
76%
ACC Boston College
74%
SEC Alabama
72%
ACC Clemson
72%
Pac 12 Oregon
72%
Pac 12 UC Berkeley
72%
ACC Virginia
72%
SEC LSU
70%
ACC NC State
70%
SEC Arkansas
67%
ACC Duke
67%
ACC Georgia Tech
67%
Big 10 Michigan
67%
SEC Missouri
67%
Mid-American Ohio
67%
Big 10 Ohio State
67%
Pac 12 Oregon State
67%
Ivy Penn
67%
ACC Pittsburgh
67%
SEC South Carolina
67%
SEC Tennessee
67%
Pac 12 USC
67%
ACC Virginia Tech
67%
Big 10 Indiana
65%
Big 10 Iowa
65%
SEC Kentucky
65%
Big 10 Michigan State
65%
SEC Ole Miss
65%
West Coast San Diego
65%
SEC Texas A&M
65%
Pac 12 UCLA
65%
SEC Vanderbilt
65%
ACC Wake Forest
65%
Pac 12 Washington
65%
Pac 12 Arizona
63%
Big 10 Illinois
63%
Big 12 Kansas
63%
ACC Louisville
63%
Big 12 Texas Tech
63%
Pac 12 Washington State
63%
Pac 12 Arizona State
61%
Big 10 Nebraska
61%
Big 10 Northwestern
61%
Big 12 Oklahoma
61%
Big 10 Purdue
61%
Pac 12 Utah
61%
Ivy Harvard
59%
Big West Hawaii
59%
American Athletic Houston
59%
Big 12 Kansas State
59%
Big 10 Maryland
59%
Big 12 Oklahoma State
59%
Big 10 Penn State
59%
Mountain West San Diego State
59%
Southwestern Southern
59%
Pac 12 Stanford
59%
Ivy Yale
59%
SEC Auburn
57%
American Athletic Central Florida
57%
Sun Belt Georgia State
57%
Atlantic Sun Jacksonville
57%
Mountain West New Mexico
57%
ACC Notre Dame
57%
Big 10 Rutgers
57%
Mountain West San Jose State
57%
Big 12 TCU
57%
Big 12 West Virginia
57%
Mountain West Air Force
54%
Mid-American Akron
54%
Patriot Army
54%
Big 12 Baylor
54%
Big East Connecticut
54%
Ivy Cornell
54%
Sun Belt Louisiana Lafayette
54%
SEC Mississippi State
54%
Patriot Navy
54%
Mid-American Northern illinois
54%
Ivy Princeton
54%
Mid-American Western Michigan
54%
Ivy Brown
52%
Mid-American Central Michigan
52%
Ivy Dartmouth
52%
Mid-American Eastern Michigan
52%
Conference USA Florida Atlantic
52%
Sun Belt Georgia Southern
52%
West Coast Gonzaga
52%
Big 10 Minnesota
52%
Mid-American Toledo
52%
American Athletic Tulane
52%
West Coast BYU
50%
American Athletic East Carolina
50%
Mountain West Fresno State
50%
Northeast Long Island
50%
Conference USA Louisiana Tech
50%
WAC New Mexico State
50%
Conference USA Rice
50%
American Athletic South Florida
50%
Big West UC Irvine
50%
Big West Cal State Fullerton
48%
Sun Belt Coastal Carolina
48%
Big East Creighton
48%
Big East Georgetown
48%
America East Maine
48%
West Coast San Francisco
48%
Big West UC Santa Barabara
48%
Conference USA UTSA
48%
Atlantic 10 VCU
48%
Conference USA Western Kentucky
48%
Big East Xavier
48%
American Athletic Cincinnati
46%
Atlantic Sun Eastern Kentucky
46%
Conference USA Florida International
46%
Missouri Valley Indiana State
46%
West Coast Pepperdine
46%
Atlantic Sun Liberty
43%
Sun Belt Marshall
43%
American Athletic Memphis
43%
Atlantic 10 Rhode Island
43%
Missouri Valley Southern Illinois
43%
Sun Belt Troy
43%
Atlantic 10 UMass
43%
Big East Villanova
43%
American Athletic Wichita State
43%
Southwestern Alabama A&M
41%
Mid-American Ball State
41%
Mid-American Bowling Green
41%
Ivy Columbia
41%
Atlantic 10 Dayton
41%
Colonial Delaware
41%
Atlantic Sun Florida Gulf Coast
41%
Mid-American Kent State
41%
Big West Long Beach State
41%
Mountain West Nevada
41%
Sun Belt South Alabama
41%
Sun Belt Southern Miss
41%
Atlantic Sun Stetson
41%
Big East St. John's
41%
Atlantic 10 St. Louis
41%
West Coast St. Mary's
41%
Conference USA UAB
41%
Big West UC Davis
41%
Mountain West UNLV
41%
Big West Cal Poly
39%
Atlantic 10 George Washington
39%
Southwestern Jackson State
39%
Atlantic Sun North Florida
39%
West Coast Portland
39%
Atlantic 10 Richmond
39%
Southwestern Alabama State
37%
Sun Belt Appalachian State
37%
Conference USA Charlotte
37%
Atlantic 10 Davidson
37%
Atlantic 10 George Mason
37%
Southland New Orleans
37%
Big East Seton Hall
37%
Atlantic 10 St. Joseph's
37%
Sun Belt Texas State
37%
America East UMBC
37%
Southern UNC Greensboro
37%
Summit Western Illinois
37%
America East Albany
35%
Big East Butler
35%
Atlantic Sun Central Arkansas
35%
Colonial Charleston
35%
Ohio Valley Eastern Illinois
35%
Missouri Valley Illinois State
35%
Sun Belt James Madison
35%
Sun Belt Louisiana Monroe
35%
Conference USA Middle Tennessee State
35%
Missouri Valley Missouri State
35%
Colonial Northeastern
35%
Southern Samford
35%
Summit South Dakota State
35%
Southwestern Texas Southern
35%
Southern Wofford
35%
Sun Belt Arkansas State
33%
America East Binghamton
33%
Conference USA Dallas Baptist
33%
Big South High Point
33%
Patriot Lafayette
33%
Atlantic Sun North Alabama
33%
Horizon Northern Kentucky
33%
Sun Belt Old Dominion
33%
Big South Presbyterian
33%
WAC Sacramento State
33%
Atlantic 10 St. Bonaventure
33%
Colonial Stony Brook
33%
Big West UC Riverside
33%
Big South UNC Asheville
33%
Colonial UNC Wilmington
33%
Southern VMI
33%
Missouri Valley Belmont
30%
Big South Charleston Southern
30%
Southwestern Florida A&M
30%
Atlantic Sun Kennesaw State
30%
Patriot Lehigh
30%
Missouri Valley Murray State
30%
Summit Oral Roberts
30%
WAC Sam Houston State
30%
Ohio Valley Tennessee Tech
30%
Southland Texas A&M-Corpus Christi
30%
WAC Utah Tech
30%
Colonial William & Mary
30%
Horizon Wright State
30%
Southwestern Alcorn State
28%
Ohio Valley Arkansas Little Rock
28%
Southwestern Arkansas Pine Bluff
28%
Missouri Valley Bradley
28%
Patriot Bucknell
28%
Big South Campbell
28%
Missouri Valley Evansville
28%
Atlantic 10 Fordham
28%
Big South Gardner-Webb
28%
WAC Grand Canyon
28%
Southland Houston Christian
28%
Big South Longwood
28%
Southland McNeese State
28%
Horizon Milwaukee
28%
Southwestern Mississippi Valley State
28%
Colonial Monmouth
28%
Summit Nebraska Omaha
28%
Southland Nicholls State
28%
Horizon Oakland
28%
Metro Atlantic St. Peter's
28%
Big South USC Upstate
28%
Southern Western Carolina
28%
Big South Winthrop
28%
Big West Cal State Bakersfield
26%
Big West Cal State Northridge
26%
Colonial Elon
26%
Southwestern Grambling State
26%
Patriot Holy Cross
26%
Missouri Valley Illinois Chicago
26%
Metro Atlantic Iona
26%
Atlantic Sun Lipscomb
26%
Metro Atlantic Manhattan
26%
Southern Mercer
26%
Ohio Valley Morehead State
26%
Southwestern Prairie View A&M
26%
Big South Radford
26%
West Coast Santa Clara
26%
WAC Seattle U
26%
Metro Atlantic Siena
26%
Summit St. Thomas
26%
Southern The Citadel
26%
Colonial Towson
26%
Big West UC San Diego
26%
America East UMass Lowell
26%
Missouri Valley Valparaiso
26%
WAC Abilene Christian
24%
Southwestern Bethune-Cookman
24%
America East Bryant
24%
Colonial Hofstra
24%
Southland Incarnate Word
24%
WAC Lamar
24%
Northeast Merrimack
24%
Metro Atlantic Niagara
24%
Colonial North Carolina A&T
24%
Summit North Dakota State
24%
Summit Northern Colorado
24%
Southland Northwestern State
24%
Metro Atlantic Rider
24%
Ohio Valley Southeast Missouri State
24%
Horizon Youngstown State
24%
Northeast Delaware State
22%
Metro Atlantic Mount St. Mary's
22%
America East NJIT
22%
West Coast Pacific
22%
Southland Southeastern Louisiana
22%
WAC Utah Valley
22%
Metro Atlantic Canisius
20%
Southern East Tennessee State
20%
Metro Atlantic Fairfield
20%
America East Hartford
20%
West Coast Loyola Marymount
20%
Metro Atlantic Marist
20%
Ohio Valley UT Martin
20%
Atlantic Sun Austin Peay State
17%
Atlantic Sun Bellarmine
17%
WAC California Baptist
17%
Northeast Central Connecticut State
17%
Northeast Norfolk State
17%
Ohio Valley SIU Edwardsville
17%
WAC Tarleton State
17%
Northeast Wagner
17%
Ohio Valley Lindenwood
15%
Northeast Maryland Eastern Shore
15%
Horizon Purdue Fort Wayne
15%
Ohio Valley Southern Indiana
15%
Northeast Stonehill
15%
WAC UT Arlington
15%
WAC UTRGV
15%
Northeast Coppin State
13%
Northeast Sacred Heart
13%
Northeast Fairleigh Dickinson
11%
Metro Atlantic Quinnipiac
11%
WAC Stephen F. Austin State
9%
Atlantic Sun Queens Charlotte
0%
No matching quizzes found
Score Distribution
Percent of People with Each Score
Percentile by Number Answered
Your Score History
You have not taken this quiz since the last reset